Names of Wood Joints Quiz Stats

 Plays Quiz not verified by Sporcle

Support Sporcle.
Go Orange.
Score 0/25 Timer 10:00
0 Plays Today
% Correct
Dowel
51.4%
Finger
51.4%
Lap
43.2%
Biscuit
16.2%
Tongue and Groove
16.2%
Butt Rub
16.2%
Through Dovetail
16.2%
Corner Mortise
10.8%
Rebate
8.1%
Lapped Dovetail
8.1%
Haunched Mortise
5.4%
Stopped Mortise
5.4%
Through Mortise
5.4%
% Correct
Wedged Mortise
5.4%
Twin Mortise
5.4%
Grooved Frame Mortise
5.4%
Splined Edge to Edge
5.4%
Forked Mortise
5.4%
Butt Edge to Edge
5.4%
Corner Bridle
5.4%
Mitred Butt
5.4%
Splined Mitre
5.4%
Square Ended Butt
5.4%
Dowelled Butt
5.4%
Groove
5.4%

You're not logged in!

Compare scores with friends on all Sporcle quizzes.
OR
Log In

From the Vault

Songs Sharing Words

by hscer

Musicians are fine sharing words, but when it comes to melodies, that's where they draw the line.
Remove Ads.
Support Sporcle.
Get the best of Sporcle when you Go Orange. This ad-free experience offers more features, more stats, and more fun while also helping to support Sporcle. Thank you for becoming a member.

Show Comments

Extras

Created Mar 29, 2012ReportNominate
Tags:joint, Wood

Top Quizzes Today


Score Distribution

Your Account Isn't Verified!

In order to create a playlist on Sporcle, you need to verify the email address you used during registration. Go to your Sporcle Settings to finish the process.

Report this User

Report this user for behavior that violates our Community Guidelines.

Details: